Adaptívne logistické systémy: človek a inteligentná logistika

Pozícia ľudí v adaptívnych logistických systémoch. Pokrokové technológie postupne nahradia ľudí v oblasti manuálnych činností. Tvorivosť a kognitívne činnosti zostanú aj v budúcnosti ľuďom.

Saved in:
Bibliographic Details
Main Author: Gregor, Milan
Other Authors: Gregor, Tomáš, Patka, Jaroslav
Format: Book Chapter
Language:Slovak
Subjects:
Tags: Add Tag
No Tags, Be the first to tag this record!

MARC

LEADER 00000naa a2200000 4500
001 0226919
005 20231208114754.9
041 0 |a slo 
044 |a SK 
245 1 0 |a Adaptívne logistické systémy: človek a inteligentná logistika  |c Milan Gregor, Tomáš Gregor, Jaroslav Patka 
520 |a Pozícia ľudí v adaptívnych logistických systémoch. Pokrokové technológie postupne nahradia ľudí v oblasti manuálnych činností. Tvorivosť a kognitívne činnosti zostanú aj v budúcnosti ľuďom. 
610 2 0 |a systémy logistické 
610 2 0 |a človek-počítač 
610 2 0 |a zručnosti 
610 2 0 |a technológie informačné 
610 2 0 |a technológie komunikačné 
610 2 0 |a technológie nové 
610 2 0 |a riadenie automatizované 
100 1 |a Gregor, Milan 
700 1 |a Gregor, Tomáš 
700 1 |a Patka, Jaroslav